Statistiques concernant Les pays contenant entre 30 % et 40 % de musulmans

Cliquez ici pour prendre le quiz!

Statistiques générales

  • Ce quiz a été pris 7 fois
  • Le résultat moyen est 1 sur 2

Statistiques - réponses

Hint Answer % Correct
34,9 %Macédoine
100%
33,8 %Éthiopie
33%

Distribution des résultats

Percentile by Number Answered

% des personnes avec chaque résultat

Votre développement - résultats

Vous n’avez pas pris ce quiz